• 首页
  • 本馆介绍
  • 公告通知
  • 最新文献
  • 馆藏检索
  • 电子资源
  • 读者导购
  • 参考咨询
  • 我的图书馆
  • 登录
  • 详细信息显示
  • 放入我的书架
  • 预约/预借图书
  • 作者相关作品
  • 分类相关作品
  • 丛书相关作品
  • 出版社相关作品

书目信息

  • 表格格式
  • 工作单格式
  • 卡片格式
题名:
文明的追随
    
 
作者: 艾哈迈德 著 ;刘欣路 , 吴晓琴 译
分册:  
出版信息: 北京   北京师范大学出版社  2014
页数: 191页
开本: 23cm
丛书名:
单 册:
中图分类: D501
科图分类:
主题词: 发展战略--fa zhan zhan lue--研究--中国 , 发展战略--fa zhan zhan lue--研究--阿拉伯国家
电子资源:
ISBN: 978-7-303-17608-3
000 00792nam0 2200253 450
001 340161
005 20150625104243.92
010    @a978-7-303-17608-3@b精装@dCNY39.00
100    @a20141021d2014 em y0chiy50 ea
101 1  @achi
102    @aCN@b110000
105    @ay z 000yy
106    @ar
200 1  @a文明的追随@Awen ming de zhui sui@e中国的崛起与阿拉伯人的未来@f(约旦) 艾哈迈德著@g刘欣路, 吴晓琴译
210    @a北京@c北京师范大学出版社@d2014
215    @a191页@d23cm
606 0  @a发展战略@Afa zhan zhan lue@x研究@y中国
606 0  @a发展战略@Afa zhan zhan lue@x研究@y阿拉伯国家
690    @aD501@v5
701  0 @a艾哈迈德@Aai ha mai de@4著
702  0 @a刘欣路@Aliu xin lu@4译
702  0 @a吴晓琴@Awu xiao qin@4译
801  0 @aCN@b卓展宏图@c20150525
905    @dD501@e198@f4
    
    文明的追随:中国的崛起与阿拉伯人的未来/(约旦) 艾哈迈德著/刘欣路, 吴晓琴译.-北京:北京师范大学出版社,2014
    191页;23cm
    
    
    ISBN 978-7-303-17608-3(精装):CNY39.00
    
●
相关链接 在E读中查询图书 在五车中查询图书 在当当中查询图书 在豆瓣中查询图书


正题名:文明的追随     索取号:D501/198         预约/预借

序号 登录号 条形码 馆藏地/架位号 状态 备注
1 864567   208645670   第一样本阅览室/ [索取号:D501/198] 在馆    
2 864568   208645689   第一借阅区/ [索取号:D501/198] 在馆    
3 864569   208645698   第一借阅区/ [索取号:D501/198] 在馆    
4 864570   208645705   第一借阅区/ [索取号:D501/198] 在馆    
唐山师范学院图书馆 欢迎您!
大连网信软件有限公司© 版权所有